| 000 | 00831nam a2200265Ia 4500 | ||
|---|---|---|---|
| 003 | OSt | ||
| 005 | 20220930185503.0 | ||
| 006 | a|||||r|||| 00| 0 | ||
| 007 | ta | ||
| 008 | 220926b |||||||| |||| 00| 0 eng d | ||
| 020 |
_a817391284X (hbk) _c650 |
||
| 024 | _a631 | ||
| 037 |
_b1416, 02/02/2009, Kanishka Publishers Distributors _cTextbook |
||
| 040 |
_aCRL _cCRL _beng |
||
| 041 |
_2eng _aeng |
||
| 082 | _aW:5, P7 | ||
| 100 |
_aBorgohain Bani _9432596 |
||
| 245 | 0 |
_aHuman rights _b Social justice and political challenge |
|
| 250 | _a2nd | ||
| 260 |
_aNew Delhi _bKanishka Publishers, Distributors India _c2007 |
||
| 300 |
_avi, 287p. _ccm. |
||
| 650 | _aPOLITICAL SCIENCE | ||
| 942 |
_hW:5, P7 _cTB _2CC |
||
| 999 |
_c890339 _d890339 |
||